00715cam a22002291 4500001001300000003000400013005001700017008004100034010001700075035001900092040001800111042001200129050001500141082001800156100002700174245012300201260004000324300003500364504003000399600003900429999001700468sa 67002646 DLC20260227112332.0750311s1966 xx 000 0 eng  asa 67002646  a(OCoLC)1210383 aDLCcPPTdDLC apremarc00aDS459b.Z3 a954/.023/09241 aZakaria, Rafiq,d1920-10aRazia, queen of India.cForeword by P. B. Gajendragadkar. Pref. by K. A. Nilakanta Sastri. Illus. by Shiavax Chavda. a[Bombay]bPopular Prakashanc[1966] axxviii, 159 p.billus.c23 cm. aBibliography: p. 155-156.00aRaziya,cSultana of Delhi,d-1240. c73351d73351